Prospects in complex geometry : proceedings of the 25th Taniguchi International Symposium held in Katata, and the conference held in Kyoto, July 31-August 9, 1989

Αποθηκεύτηκε σε:
Λεπτομέρειες βιβλιογραφικής εγγραφής
Συγγραφή απο Οργανισμό/Αρχή: Taniguchi Kogyo Shoreikai Division of Mathematics International Symposium
Άλλοι συγγραφείς: Noguchi, Junjiro 1948- (Επιμελητής έκδοσης), Osawa, Takeo, 1951- (Επιμελητής έκδοσης)
Μορφή: Βιβλίο
Γλώσσα:English
Δημοσίευση: Berlin ; New York : Springer-Verlag, c1991.
Σειρά:Lecture notes in mathematics (Springer-Verlag) ; 1468
Θέματα:
Ετικέτες: Προσθήκη ετικέτας
Δεν υπάρχουν, Καταχωρήστε ετικέτα πρώτοι!

MARC

LEADER 00000cam a2200000 i 4500
001 1/29910
008 941103s1991####gw | ||| |||| ||eng||
020 |a 0387540539 
020 |a 3540540539 
035 |l 10038436 
035 |a 1993 
040 |a GR-MyUA  |b gre  |e AACR2 
041 0 |a eng 
082 0 |a 516.36   |2 (20) 
245 1 0 |a Prospects in complex geometry :   |b proceedings of the 25th Taniguchi International Symposium held in Katata, and the conference held in Kyoto, July 31-August 9, 1989 /   |c J. Noguchi, T. Ohsawa, eds.  
260 |a Berlin ;   |a New York :   |b Springer-Verlag,   |c c1991.  
300 |a 421 σ. ;   |c 25 εκ.  
490 1 |a (Lecture notes in mathematics (Springer-Verlag)   |v ; 1468)  
500 |a "The 25th Taniguchi International Symposium, Division of Mathematics, titled with 'Prospects in Complex Geometry' was held at Kyuzeso, Katata, July 31 through August 5, 1989, and an international conference with the same title was held successively at Research Institute for Mathematical Sciences (RIMS), Kyoto University, Kyoto, August 7 through August 9"--P. [iii] 
504 |a Περιέχει βιβλιογραφικές αναφορές.  
650 0 0 |a Geometry, Differential  |x Congresses. 
650 0 0 |a Functions of several complex variables  |x Congresses. 
700 1 |a Noguchi, Junjiro  |d 1948-  |e edt 
700 1 |a Osawa, Takeo,   |d 1951-  |e edt 
710 1 |a Taniguchi Kogyo Shoreikai  |b Division of Mathematics  |b International Symposium. 
830 0 |a Lecture notes in mathematics (Springer-Verlag)  |v  ; 1468 
852 |a INST  |b SAMOS  |e 19941103  |h 516.36 PRO  |p 005300008001  |q 005300008001  |t BK  |y 0 
909 |a Σ  |b 029326